| 000 | 00584nam a22001817a 4500 | ||
|---|---|---|---|
| 005 | 20130619113123.0 | ||
| 010 | _aENG-107346 | ||
| 020 |
_a9789380831916 _c199.00 |
||
| 035 | _aEN-90879 | ||
| 037 | _bDBAD/PUB | ||
| 082 | _a330 | ||
| 100 | _aNaidu, M. Devarajula | ||
| 245 |
_aEvolution of economics doctrine / _cby M. Devarajula Naidu |
||
| 260 |
_aHyderabad _bStudentshelpline Publishing House _c2012 |
||
| 270 |
_a326/C Surneni Nilayam, Near B K Guda Park, S.R. Nagar _bHyderabad _e500038 |
||
| 300 |
_avarious pagings _c24cm(pbk) |
||
| 942 |
_2ddc _cEN _mNAI _h330 |
||
| 999 |
_c76251 _d76251 |
||